| 000 | 00474nam a2200133Ia 4500 | ||
|---|---|---|---|
| 008 | 250506s9999 xx 000 0 und d | ||
| 024 | _a15B-92-El, 15B-15-EL, 15B-115-EL & 15B-120-EL | ||
| 082 | _a670.427072 SYE | ||
| 100 | _aS.M Hassan Rizvi, Syeda Areeba Zia, M.Fawaz Shaikh & S.M Saad Tirmizi | ||
| 245 | 0 | _aAutonomous Delievery Quadcopter (ATOM) | |
| 260 |
_aKarachi: _bUIT, _c2015 |
||
| 600 | _aTelecommunication Engineering | ||
| 650 | _aBachelor of Engineering (BE) | ||
| 999 |
_c28528 _d28528 |
||